| 000 | 00983nam a2200181Ia 4500 | ||
|---|---|---|---|
| 008 | 090630s9999 xx 000 0 und d | ||
| 082 | _b27605 | ||
| 100 | _aगार्डनर अर्ल स्टेनले अनु. हुद्दार मधुकर. | ||
| 245 |
_aपेरी मेसन - द मास्टर प्लॅन. _cगार्डनर अर्ल स्टेनले अनु. हुद्दार मधुकर. |
||
| 260 |
_bसुपर्ण. _c2006 |
||
| 300 | _a188 | ||
| 600 | _aगार्डनर अर्ल स्टेनले अनु. हुद्दार मधुकर. | ||
| 630 | _aपेरी मेसन - द मास्टर प्लॅन. | ||
| 655 | _aकादंबरी. | ||
| 700 | _aगार्डनर अर्ल स्टेनले अनु. हुद्दार मधुकर. | ||
| 730 | _aपेरी मेसन - द मास्टर प्लॅन. | ||
| 942 | _cBOOK | ||
| 999 |
_c279461 _d279461 |
||